000 00753cam a22001815a 4500
001 L140646
008 071003s1928 xxk a e 000 0 eng d
035 _a(Sirsi) u140646
041 0 _aeng
110 2 _aLondon Topographical Society
_9106
245 0 0 _aDrawings of the Inns of Court and Chancery made probably in the first half of the eighteenth century
_breproduced from originals in the possession of the Society of Antiquaries of London with notes by J. Bruce Williamson a Master of the Bench of the Honorable Society of the Middle Temple
260 _aLondon
_bLondon Topographical Society
_c1928
300 _a1 v.
_bill., in folder
_c36 cm.
651 4 _aLondon
690 _aBUILT ENVIRONMENT
700 1 _aWilliamson, J. Bruce
942 _n0
999 _c107528
_d107528